000
00295nam a22001337a 4500
008
180912b xxu||||| |||| 00| 0 eng d
020
_a
9789535104728
041
_a
eng
080
_a
615
100
_a
5
101
_a
FAR
245
_a
Antibiotic Resistant Bacteria
_c
Pana, M
942
_2
udc
_c
BK
999
_c
47719
_d
47719